005160000a2200169000450024500920000065000230009265000190011565000170013465000150015165100290016604100130019570000210020870000160022970000250024510000220027077300540029210aComparison of nematode communities in agricultural soils of north Carolina and Nebraska14aSuelos agrícolas14aBioindicadores14aEdafología14aEcología 4dNebraskapEstados Unidos0 aInglés1 aCampbell, C. Lee1 aFiscus, Dan1 aEasterling, Karen N.1 aNeher, Deborah A.1 tEcological Applications3153h1q213-223d1998g8